MDQL
is popping MORE tags! Check the
thread
!
Quizzes
Events
Quiz Creation
Community
Videos
Private Events
Remove Ads
Sign In
Join for FREE
Feedback
Dark Mode
Quiz Categories
Sports
Geography
Music
Movies
Television
Just For Fun
Miscellaneous
History
Literature
Language
Science
Gaming
Entertainment
Religion
Holiday
For Kids
Quiz Lab
Recent
Popular Today
Quiz Kudos Today
Editor Picks
Curator Picks
Quizzes by...
Day
Popularity
Type
Ratings
Length
Year
Community
Subscriptions
Recent Discussions
Orange Saloon
Badges
Playlists
Quests
Create
Leaderboards
Showdown
Live 5
Trivia Bingo
Activity
Puzzle Library
Sporcle Events
Private Events
Virtual Trivia
Globe League
Become a Host
Pub Owners
SporcleCon
Opinionation
Our Games
Videos
Blog
Mobile Apps
Partnerships
Remove Ads and Go Orange
Feedback
Just For Fun
Clickable
Get the Picture
Humor
Quick Pick
Word Ladder
Missing Word
Mixed Word
Blitz
Minefield
This or That
Alphabet
Color
Typing
Sporcle
Puzzle
Word Play
Follow That Line
Logic
Just For Fun
Clickable
Get the Picture
Humor
Quick Pick
Word Ladder
Missing Word
Mixed Word
Blitz
Minefield
This or That
Alphabet
Color
Typing
Sporcle
Puzzle
Word Play
Follow That Line
Logic
Random Quiz
Search Sporcle
×
Quiz Lab
Quiz Lab
Just For Fun
Questionnaire
Type in answers that appear in a list
Type in answers that appear in a list
Classic
Best Score? Go Orange.
Hannukah Questionnaire Answers Stats
Can you name the Hannukah Questionaire Answers?
By
sooobored
12m
59 Questions
28 Plays
28 Plays
28 Plays
Comments
Comments
Give Quiz Kudos
Give Quiz Kudos
-
- Ratings
hide this ad
More Info
Forced Order
Answers have to be entered in order
Answers have to be entered in order
Replay
Link that replays current quiz
Next Quiz
Link to next quiz in quiz playlist
You Got
0%
They Got
Avg Score
34%
Avg Friend Score
Upgrade to see
Score Distribution
Jump to the score distribution portion of the page
Score
0/59
Timer
12:00
0
Plays Today
Nativer's Answer
Person
% Correct
most likely to make a sporcle quiz out of these answers
Asaf Segal
75%
blue frank sinatra coupons
Asaf Segal
71.4%
pretend im a dinosaur
Ari Werner
71.4%
The next one is in two parts because the answer is so long. Guess who said it for both parts. Type Elkanan to get this one right
Elkanan
71.4%
i want max inside me
Aaron Leven
67.9%
i love tweezing hair
Jordana Gilman
64.3%
lost duh im in the clique
Debbie Kruger
60.7%
most joe ornstein
Joe Ornstein
60.7%
call me so i can make it juicy for ya
Nadav Karasov
60.7%
fit in a suitcase
Shara Fishman
57.1%
joey portnoe
Meir Landau
53.6%
pilot in the airforce, until i found out they are colorblind racists
Joey Portnoe
53.6%
kill a man for a custard donut
Joey Portnoe
50%
harry potter harry potter harry potter
Jesse Lender
50%
ghostbusters
everyone not creative enough to think of something funny
46.4%
best
Seffi Kogen
42.9%
clearly ricky martin
Robbie Schrag
42.9%
taxi driver
Brian Cook
42.9%
haikus. for example channukah is dope, because we get lots of food, suck it yom kippur
Max Gan
42.9%
sit outside, watch the clouds, and act out what animals i see…by myself…naked
Joey Portnoe
39.3%
never answer and it makes me want to RRRRRRRROOOOOOOOAAAAAAAAAAARRRRR!!!!!!!!!!!!!!!!!!!!!!!!!!!!!!!!!!!
Ari Werner
39.3%
k do my drug dealer
Max Gan
35.7%
anything bat sheva, riyad and mysoon feed me
David Helfand
35.7%
funniest/
weirdest/
best dressed/
ugliest haircut
Jonny Gottlieb
35.7%
ghostbusters! actually i have been trying to get a hold of this old lady that lives in ramat hasharon and she never answers her phone and she always calls me in school so i can
Ari Werner
32.1%
wrestling brian
Rachel Sender
28.6%
hooters girl or bartender
Sarah Ziskend
28.6%
the occasional bowl of sweet chili sauce at the front of the line
Lainie Schwartz
28.6%
the milkshake cloud next to the lesbian pool in heaven, im sure it exists
Joey Portnoe
28.6%
singing to youtube karaoke
Anna Gol
28.6%
Nativer's Answer
Person
% Correct
playing with my belly button
Brian Cook
28.6%
toothfairy
Adina Allen
25%
drawing dicks on other peoples notebooks
Lainie Schwartz
25%
warhammer 40k
Ben Wenger
25%
make a birtish guard laugh out loud
Becca Bernstein
25%
ivanne the one with the french ass name once i get her nuber
Judah Kerbel
21.4%
its not a hobby but i have a talent for being able to become invisible in my bed
Sara Besmertnik
21.4%
the moon but only with other people
Jesse Turk
21.4%
the hulk
Rachel Sender
21.4%
that yellow cheese is actually the greatest thing that happened to beit nativ besides that one time they served expired shoko b'sakit at breakfast
Sophie Brooks
21.4%
i dont have one but my dad has racing pigeons in the backyard
Stasia Glicman
21.4%
zimbabwe
Adina Allen
21.4%
israel
everyone not creative enough to think of something funny
21.4%
crying
Meir Landau
21.4%
vaselining my feet while sweeping the room
Sarah Ziskend
21.4%
the food sucks
just about everyone
21.4%
grapefruit peeler
Ally Turkheimer
21.4%
bibi lives on a nice block, but eddie murphys house around the corner from my parents is very nice too
Eric Leiderman
21.4%
nothing i do is weird, but if i had to choose, i always go to the bathroom in the same stall/
urinal...if its occupied i wait
Seth Lerman
17.9%
booty call
Adam Parritz
17.9%
ballerina or accountant
Shira Kafker
17.9%
tupac playing poker with elvis
Joey Portnoe
17.9%
counting airplanes outside on a hammock
Brittany Markowitz
17.9%
arsim busters
Joe Ornstein
17.9%
hot water dispenser
Josh Sacks
14.3%
mailman
Judah Kerbel
14.3%
scientist or wizard, whichever comes first
Rachel Sender
14.3%
shark
Jesse Turk
14.3%
train dinosaurs on the tightrope in the circus
Becky Masor
3.6%
Quiz Playlist
Details
Report
Send in Message
Add To Playlist
More Info:
You need last names for people that spell their first names the same way
Classic:
Type in answers that appear in a list
Forced Order:
Answers have to be entered in order
Last Updated: Feb 16, 2017
Quiz Scoreboard
CHALLENGE
Sign Up to Join the Scoreboard
Show All
Scores
Hide
Comments
May contain spoilers
Recently Published
Street Fighter Characters
by Artimus82
Gaming
60s
9x9 Crossword: Cartoon Network
by jackfrog10
Miscellaneous
3m
College Basketball Coaching Resumes
by pancakes188
Sports
9m
More to Explore
Quiz From the Vault
Featured Blog Post
Where Did the Easter Bunny Come From?
hide this ad
You Might Also Like...
Tags
hannukah
Person
Questionnaire
Today's Top Quizzes in Just For Fun
Browse Just For Fun
hide this ad
Top Contributed Quizzes in Just For Fun
1
Name Just One - 10 to 1: Just For Fun
2
Killer Double Trees 224 - Colour Match-Up
3
Spring Typing Challenge
4
Crossword Whiteout! 49
5
Zeroing In: Just For Fun
6
Survivor Winners Logic Puzzle
7
Word Ladder: Ahoy Matey
8
Word Ladder: Wilderness Weapon
9
Kyle's 122nd Triple Trees
10
Harry Potter Logic - 'In Chains' II
Explore More
Trending Topics
Disney
Crossword
Kpop
Marvel
NBA
Anime
Harry Potter
Pokémon
The Office
Song
Country
Soccer
NFL
WWE
Puzzle
hide this ad
More By:
sooobored
Quiz
Plays
Rating
Category
Featured
Created
NBA Single Season Leaders
548
4.25
Sports
Nov 21, 2009
MLB All Decade Team
487
4.00
Sports
Dec 20, 2009
Twins Opening Day Lineups
357
3.20
Sports
Aug 19, 2010
ESPN's Quotes of 2009
227
4.00
Sports
Dec 29, 2009
Nativ Cliques
89
Just For Fun
Dec 3, 2009
Go to Creator's Profile
Score Distribution
Quiz Creator Spotlight
sooobored
Follow
Send a Message
Quizzes Created
-
Created Quiz Play Count
-
More By This Creator
Popular Quizzes Today
1
Find the US States - No Outlines Minefield
2
Find the Countries of Europe - No Outlines Minefield
3
The Countries of the World
4
Find the US States
5
Risky Map Clicking: Biggest States A-Z
6
US States
7
Popular People in 1961
8
Movies - When Are They Set?
More Just For Fun Quizzes
Get the Picture: NASA or SpaceX
Quiz Lab
Trending Quizzes
Risky Map Clicking: Least Populous States A-Z
Billboard Blitz: Aretha Franklin
Famous Russians: Author or Composer?
1-10 Letter G Words
Countries of the World: 200 Million BC
Recently Updated
Leaping Animals
pecheneg
Reality TV Shows (A-Z)
bhenderson79
Rickey Henderson's Hall of Fame Teammates
pecheneg
Champions League XIs: Arsenal
pecheneg
Quick Pick: Celebrities in WWE's Hall of Fame
aduchscher
A-Z Keypad Blitz II
pecheneg
Multiple Oscar Actors
pecheneg
Mystery Phrase Blitz: Oscar 'Best Actors'
pecheneg
F. Scott Fitzgerald Novels
LTH
Pick 3 Villains
ddd62291
Trending Topics
Marvel
Crossword
NBA
Disney
Kpop
Harry Potter
Anime
Song
Country
NFL
WWE
Soccer
The Office
Pokémon
Puzzle
Your Account Isn't Verified!
In order to create a playlist on Sporcle, you need to verify the email address you used during registration. Go to your
Sporcle Settings
to finish the process.
Report this User
Report this user for behavior that violates our
Community Guidelines
.
Details:
Send Report
Go to the Sporcle.com Mobile Site →
Comments